Visualizzazione normale
Vista MARC
- Witherup, Ronald D.,
di Personal Name
Records bibliografici associati: 1
001 - CONTROL NUMBER
- control field: 58477
003 - CONTROL NUMBER IDENTIFIER
- control field:
005 - DATE AND TIME OF LATEST TRANSACTION
- control field: 20200910164853.0
008 - FIXED-LENGTH DATA ELEMENTS
- fixed length control field: 200910|| aca||aabn | a|a d
040 ## - CATALOGING SOURCE
- Original cataloging agency:
- Transcribing agency:
100 ## - HEADING--PERSONAL NAME
- Personal name: Witherup, Ronald D.,
- Titles and other words associated with a name: p.s.s.,
- Dates associated with a name: 1950-
670 ## - SOURCE DATA FOUND
- Source citation: Work cat.: ()0: Witherup, Ronald D., p.s.s., 1950-, Sette giorni in cammino con san Paolo :, 2008.